CAREER ISSUES IN HUMAN RESOURCE MANAGEMENT (Record no. 579651)

000 -LEADER
fixed length control field 00364nam a22001337a 4500
020 ## - INTERNATIONAL STANDARD BOOK NUMBER
International Standard Book Number 0-13-114819-
082 ## - DEWEY DECIMAL CLASSIFICATION NUMBER
Classification number 658.3 CAR'K
100 ## - MAIN ENTRY--PERSONAL NAME
Personal name KATZ, RALPH
9 (RLIN) 36252
245 ## - TITLE STATEMENT
Title CAREER ISSUES IN HUMAN RESOURCE MANAGEMENT
260 ## - PUBLICATION, DISTRIBUTION, ETC.
Place of publication, distribution, etc. NEWJERSCY
Name of publisher, distributor, etc. PRENTICE HALL
Date of publication, distribution, etc. 1982
300 ## - PHYSICAL DESCRIPTION
Extent 207P
650 ## - SUBJECT ADDED ENTRY--TOPICAL TERM
Topical term or geographic name entry element PERSONAL MANAGEMENT ADDRESSES ASSAYS LECTURES
9 (RLIN) 74074
942 ## - ADDED ENTRY ELEMENTS (KOHA)
Koha item type Book
Holdings
Withdrawn status Lost status Damaged status Not for loan Permanent Location Current Location Shelving location Date acquired Total Checkouts Full call number Barcode Date last seen Price effective from Koha item type
        College of Electrical & Mechanical Engineering (CEME) College of Electrical & Mechanical Engineering (CEME) General Stacks 04/28/2017   658.3 CAR'K CEME-15563 06/28/2021 06/28/2021 Book
© 2023 Central Library, National University of Sciences and Technology. All Rights Reserved.